| 000 | 00701nam a22002057a 4500 | ||
|---|---|---|---|
| 010 | _aB-040997 | ||
| 020 | _a8176561509 | ||
| 035 | _aB-040997 | ||
| 037 | _bCen Lib / Ret | ||
| 040 |
_aDPL _bEn |
||
| 082 |
_a004.21 _bJAI |
||
| 100 |
_aJain, Satish _937803 |
||
| 245 |
_aO level made sample module 1 : Information technology : _baccording to revised syllabus for the year 2000 examination IT / _cby Satish Jain |
||
| 260 |
_aNew Dlehi _bBPB Publications _c1999 |
||
| 270 |
_aB-14, Connaught Place _bNew Dlehi _e110001 |
||
| 300 |
_avarious pages _c27cm(Hb) |
||
| 650 |
_aInformation Technology _9138713 |
||
| 650 |
_aComputer science _9138714 |
||
| 942 |
_2ddc _cEN _h004.21 _mJAI |
||
| 999 |
_c136269 _d136269 |
||